Bezpečnostné riziká a nové výzvy krízového manažmentu

Podrobná bibliografia
Hlavný autor: Míka, Vladimír, 1949- (Autor)
Médium: Článok
Jazyk:slovenčina
Fyzický popis:Tab.
ISSN:1336-0019
Predmet:

MARC

LEADER 00000nab a2200000 a 4500
001 vtls008305966
003 SK-MaSNL
005 20260304195405.0
008 250505c2004 xo fr|p|||||||000 b|slo
015 |a SNBRB2005/10  |2 snkbucl 
035 |a (uuid)47a12bec-97b8-4c0b-b3a4-b5870287c86b 
035 |a urn:nbn:sk:snk-ab94fp 
035 |a (urnnbn)urn:nbn:sk:snk:ar-0025t4 
038 |a SNKBUCL 
040 |a SNKBUCL  |b slo  |c SNKBUCL  |e AACR2 
041 0 |a slo  |b eng 
044 |a xo  |c SK 
080 |a 355.45:351.75  |2 1997 
080 |a 355.58  |2 1997 
080 |a 351.75  |2 1997 
100 1 |a Míka, Vladimír,  |d 1949-  |4 aut  |9 220268 
245 1 0 |a Bezpečnostné riziká a nové výzvy krízového manažmentu  |c Vladimír Míka 
300 |b Tab. 
504 |a Bibliogr. odkazy 
546 |a Res. angl. 
650 0 7 |a bezpečnostné riziká  |2 snkbucl  |9 73164 
650 0 7 |a krízový manažment  |2 snkbucl  |9 4171 
773 0 |t Krízový manažment = Crisis Management  |g Roč. 3, č. 2 (2004), s. 85-90  |x 1336-0019 
850 |a Slovenská národná knižnica 
852 |a Slovenská národná knižnica 
954 |a odborná, vedecká literatúra pôvodná (slovenská)  |2 lita 
958 |a article13 
958 |a OND 
958 |a NB 
958 |a EUIPO 
999 |c 3081234  |d 3083164